000 01465cam a2200445Ma 4500
999 _c115041
_d115041
003 BJBSDDR
005 20230411090715.0
007 ta
008 081106s2014 fr 000 0 fre d
020 _a9782707182623
020 _a2707182621
029 1 _aZWZ
_b127859535
035 _a(OCoLC)ocn319215766
035 _a(OCoLC)319215766
040 _aLVB
_bfre
_cLVB
041 _afre
050 1 4 _aHN 438
_bP661s 2014
082 0 0 _a307.760 944361
100 1 _aPinçon, Michel,
_d1942-
245 1 0 _aSociologie de Paris /
_cMichel Pinçon, Monique Pinçon-Charlot.
250 _a3e édition
260 _aParis :
_bLa Découverte,
_c2014.
300 _a125 p. ;
_c19 cm.
440 0 _aCollection Reperes ;
_vn. 400
490 1 _aRepères (Maspero) ;
_vn.400
650 6 _aSociologie urbaine
_zFrance
_zParis.
650 6 _aUrbanisation
_zFrance
_zParis.
650 7 _aSociologie urbaine
_zFrance
_zParis (France)
_y1990-....
_2ram
650 4 _aSociología urbana
_zParís
_zFrancia
_99717
650 4 _aUrbanización
_zFrancia
_94617
651 6 _aParis (France)
_xConditions sociales.
651 6 _aParis (France)
_xPopulation.
651 4 _aParís (Francia)
_xCondiciones sociales
_y1990-
_914967
651 7 _aParis (France)
_xPopulation
_y1990-....
_2ram
700 1 _aPinçon-Charlot, Monique,
_914968
_d1946-
730 0 _aCollection Reperes
830 0 _aRepères (Maspero) ;
_914252
942 _2lcc
_cBK
946 _amjcruz